Inositols from Hevea brasiliensis: Isolation of L-quebrachitol and studies on its extraction from different latex serum sources (Record no. 61433)

MARC details
000 -LEADER
fixed length control field 00682nam a2200217Ia 4500
100 ## - MAIN ENTRY--AUTHOR NAME
Personal name Gopalakrishnan J
245 #0 - TITLE STATEMENT
Title Inositols from Hevea brasiliensis: Isolation of L-quebrachitol and studies on its extraction from different latex serum sources
260 ## - PUBLICATION, DISTRIBUTION, ETC. (IMPRINT)
Name of publisher Journal of Microbial and Biochemical Technology
Year of publication 2011
650 ## - SUBJECT ADDED ENTRY--TOPICAL TERM
Topical Term Hevea brasiliensis
650 ## - SUBJECT ADDED ENTRY--TOPICAL TERM
Topical Term Inositols
650 ## - SUBJECT ADDED ENTRY--TOPICAL TERM
Topical Term LAtex serum
650 ## - SUBJECT ADDED ENTRY--TOPICAL TERM
Topical Term L-quebrachitol
700 ## - ADDED ENTRY--PERSONAL NAME
Personal name Abraham P.A
700 ## - ADDED ENTRY--PERSONAL NAME
Personal name Annamalainathan K
700 ## - ADDED ENTRY--PERSONAL NAME
Personal name Jacob J
700 ## - ADDED ENTRY--PERSONAL NAME
Personal name Krishnakumar R
700 ## - ADDED ENTRY--PERSONAL NAME
Personal name Thomas M
856 ## - ELECTRONIC LOCATION AND ACCESS
Uniform Resource Identifier doi:10.4172/1948-5948-1000001
942 ## - ADDED ENTRY ELEMENTS (KOHA)
Koha item type Journals
Holdings
Withdrawn status Lost status Damaged status Not for loan Home library Current library Shelving location Date acquired Serial Enumeration / chronology Koha item type
      Journals RRII Library RRII Library Physiology 01/01/2021 Volume 81, Issue Sp is Journals